MDQL
is popping MORE tags! Check the
thread
!
Quizzes
Events
Quiz Creation
Community
Videos
Private Events
Remove Ads
Sign In
Join for FREE
Feedback
Dark Mode
Quiz Categories
Sports
Geography
Music
Movies
Television
Just For Fun
Miscellaneous
History
Literature
Language
Science
Gaming
Entertainment
Religion
Holiday
For Kids
Quiz Lab
Recent
Popular Today
Quiz Kudos Today
Editor Picks
Curator Picks
Quizzes by...
Day
Popularity
Type
Ratings
Length
Year
Community
Subscriptions
Recent Discussions
Orange Saloon
Badges
Playlists
Quests
Create
Leaderboards
Showdown
Live 5
Trivia Bingo
Activity
Puzzle Library
Sporcle Events
Private Events
Virtual Trivia
Globe League
Become a Host
Pub Owners
SporcleCon
Opinionation
Our Games
Videos
Blog
Mobile Apps
Partnerships
Remove Ads and Go Orange
Feedback
Just For Fun
Clickable
Get the Picture
Humor
Quick Pick
Word Ladder
Missing Word
Mixed Word
Blitz
Minefield
This or That
Alphabet
Color
Typing
Sporcle
Puzzle
Word Play
Follow That Line
Logic
Just For Fun
Clickable
Get the Picture
Humor
Quick Pick
Word Ladder
Missing Word
Mixed Word
Blitz
Minefield
This or That
Alphabet
Color
Typing
Sporcle
Puzzle
Word Play
Follow That Line
Logic
Random Quiz
Search Sporcle
×
Quiz Lab
Quiz Lab
Just For Fun
Sporcle
Type in answers that appear in a list
Type in answers that appear in a list
Classic
Best Score? Go Orange.
The Sporcle Present-Day Mystery Stats
Can you name the Sporcle Present-Day Mystery?
By
maddieb123
18m
20 Questions
4 Plays
4 Plays
4 Plays
Comments
Comments
Give Quiz Kudos
Give Quiz Kudos
-
- Ratings
hide this ad
Wrong Answers
Some wrong answers will appear in red
Some wrong answers will appear in red
Replay
Link that replays current quiz
Next Quiz
Link to next quiz in quiz playlist
You Got
0%
They Got
Avg Score
73%
Avg Friend Score
Upgrade to see
Score Distribution
Jump to the score distribution portion of the page
Score
0/20
Timer
18:00
0
Plays Today
2012ish
Obama
% Correct
who sung baby?
???
100%
what tv show has the character spongebob in it?
???
100%
eyelashes?
???
75%
what color is my underwear?
???
75%
who is the host of 'murcan idol?
???
75%
who was the president in 2011?
???
75%
what gender is luke b?
???
75%
what movie has actros in it?
???
75%
where am i sitting right now?
???
75%
mirror mirror on the wall, who is the fairest of them all?
???
75%
2012ish
Obama
% Correct
this is number 13
???
75%
do you cut for bieber?
???
75%
what is your favorite color?
???
75%
how many questions are on this quiz?
???
75%
what do you like to do in your free time?
???
75%
i think im high.
???
75%
team peeta or gale?
???
75%
do i like pie?
???
50%
#yolosw@qqq?
???
50%
half empty or half full?
???
50%
Quiz Playlist
Details
Report
Send in Message
Add To Playlist
Classic:
Type in answers that appear in a list
Wrong Answers:
Some wrong answers will appear in red
Last Updated: Feb 16, 2017
Quiz Scoreboard
CHALLENGE
Sign Up to Join the Scoreboard
Show All
Scores
Hide
Comments
May contain spoilers
Recently Published
Colored Red Africa Blitz
by spor1
Geography
30s
Find the 'City' Movie
by crazypaving
Movies
60s
5x2 Blitz: Bands
by SL_Kpop136
Music
30s
More to Explore
Quiz From the Vault
Featured Blog Post
14 Easter Pick-up Lines to Find Eggs With
hide this ad
You Might Also Like...
Tags
Sporcle Quiz
Barack Obama
Mystery
Present-day
Whig
Today's Top Quizzes in Just For Fun
Browse Just For Fun
hide this ad
Today's Top Quizzes in Sporcle
Browse Sporcle
Top Contributed Quizzes in Just For Fun
1
Avatar the Last Airbender: Logic Puzzle
2
Name Just One - 10 to 1: Just For Fun
3
Missing Word: 2-Letter A-Z II
4
Missing Letter Whitney Houston Songs
5
Survivor Winners Logic Puzzle
6
Shadowhunters Protagonists Logic Quiz
7
Quick 5-Color Logic (18)
8
Medium Renzoku Puzzle 11
9
It's Magic / Witchcraft 🎩🪄🧙♀️
10
Killer Double Trees 224 - Colour Match-Up
Explore More
Trending Topics
NBA
Anime
Harry Potter
Marvel
Kpop
Disney
Crossword
The Office
Country
NFL
Song
Pokémon
Soccer
Puzzle
WWE
hide this ad
More By:
maddieb123
Quiz
Plays
Rating
Category
Featured
Created
How Well Do You Know Maddie?
8
Just For Fun
Jul 10, 2019
Go to Creator's Profile
Score Distribution
Quiz Creator Spotlight
maddieb123
Follow
Send a Message
Quizzes Created
-
Created Quiz Play Count
-
More By This Creator
Popular Quizzes Today
1
Colored Red Africa Blitz
2
Find the 'City' Movie
3
5x2 Blitz: Bands
4
Find the US States - No Outlines Minefield
5
The Countries of the World
6
Find the US States
7
US States
8
Find the Countries of Europe - No Outlines Minefield
More Just For Fun Quizzes
This, But Not That XXVII
Published
Trending Quizzes
Colored Red Europe Blitz I
Colored Red Africa Blitz II
Colored Red Europe Blitz II
Colored Red Africa Blitz III
Colored Red Europe Blitz III
Recently Updated
How Do You Spell That?
pecheneg
Godzilla Movies
pecheneg
Grab Bag: 4-10 Letters
pecheneg
2024 March Madness Bracket
pecheneg
Famous TV Couples
Peacemaker
Champions League XIs: Real Madrid
pecheneg
Largest US Cities 1790-2010
pecheneg
Rides in Walt Disney World
pecheneg
Most Oscar Losses (Acting)
pecheneg
Beyoncé Albums
pecheneg
Trending Topics
Anime
Harry Potter
Disney
Kpop
Marvel
NBA
Crossword
Pokémon
Country
Soccer
WWE
The Office
Song
NFL
Puzzle
Your Account Isn't Verified!
In order to create a playlist on Sporcle, you need to verify the email address you used during registration. Go to your
Sporcle Settings
to finish the process.
Report this User
Report this user for behavior that violates our
Community Guidelines
.
Details:
Send Report
Go to the Sporcle.com Mobile Site →
Comments